00501nam a22001577a 450000500170000001000150001702000260003203500140005803700130007208200110008510000160009624500540011226000450016627001110021130000210032220220422131624.0 aENG-132356 a9789383051632c125.00 aEN-115888 bDBAD/PUB a394.26 aRamesh, B.G aWorld Important Days & National Days/cB.G.Ramesh aChennaibUnique Media Intergratorsc2015 aNo.8,6th Cross, 8th Main Road, Vaishnavi Nagar, ThriumullaivoyalbChennaie600109mumi.infobooks@gmail.com a136p.c22cm(pbk)